000 00487nam a2200193Ia 4500
003 GCL
008 140319s9999 xx 000 0 eng d
040 _aGCL /
_cGCL
082 0 4 _a551
_bC P
100 1 _aPLUMMER, CHARLES
245 1 0 _aPHYSICAE GEOLOGY /
_cPLUMMER, CHARLES
700 1 _aMCGEARY, DEVID
260 _a[S.N] :
_bWM. C. BROWN PUBLISHERS ،
_c1993
300 _a537P
650 0 4 _aGEOLOGY
650 0 4 _aNATURAL HISTORY
650 0 4 _aEARTH SCIENCES
942 _2ddc
_cBK
999 _c11083
_d11083